Party politics and pressure groups: (Record no. 9707)

MARC details
000 -LEADER
fixed length control field 01222cam a2200349 4500
001 - CONTROL NUMBER
control field 4090189
005 - DATE AND TIME OF LATEST TRANSACTION
control field 20260511095836.0
008 - FIXED-LENGTH DATA ELEMENTS--GENERAL INFORMATION
fixed length control field 730502s1972 enk b 001 0 eng
010 ## - LIBRARY OF CONGRESS CONTROL NUMBER
LC control number 73154403
015 ## - NATIONAL BIBLIOGRAPHY NUMBER
National bibliography number B72-29033
020 ## - INTERNATIONAL STANDARD BOOK NUMBER
International Standard Book Number 017711097X
020 ## - INTERNATIONAL STANDARD BOOK NUMBER
International Standard Book Number 0177120975
020 ## - INTERNATIONAL STANDARD BOOK NUMBER
International Standard Book Number 9780177120978
035 ## - SYSTEM CONTROL NUMBER
System control number 4090189
040 ## - CATALOGING SOURCE
Transcribing agency IRDP
041 1# - LANGUAGE CODE
Language code of text/sound track or separate title eng
Language code of original fre
050 00 - LIBRARY OF CONGRESS CALL NUMBER
Classification number JF2011
Item number .D8813 1972
082 00 - DEWEY DECIMAL CLASSIFICATION NUMBER
Classification number 320.273 DUV
100 1# - MAIN ENTRY--PERSONAL NAME
Personal name Duverger, Maurice,
Dates associated with a name 1917-2014.
240 10 - UNIFORM TITLE
Uniform title Partis politiques et les groupes de pression.
Language of a work English
245 10 - TITLE STATEMENT
Title Party politics and pressure groups:
Remainder of title a comparative introduction;
Statement of responsibility, etc. translated [from the French] by Robert Wagoner.
260 ## - PUBLICATION, DISTRIBUTION, ETC. (IMPRINT)
Place of publication, distribution, etc. London,
Name of publisher, distributor, etc. Nelson,
Date of publication, distribution, etc. 1972.
300 ## - PHYSICAL DESCRIPTION
Extent vii, 168 p.
Dimensions 22 cm.
490 0# - SERIES STATEMENT
Series statement Nelson's political science library
500 ## - GENERAL NOTE
General note Translation of Les partis politiques et les groupes de pression, which was first published as part of the author's Sociologie politique.
504 ## - BIBLIOGRAPHY, ETC. NOTE
Bibliography, etc Includes bibliographies.
650 #0 - SUBJECT ADDED ENTRY--TOPICAL TERM
Topical term or geographic name as entry element Political parties.
650 #0 - SUBJECT ADDED ENTRY--TOPICAL TERM
Topical term or geographic name as entry element Pressure groups.
906 ## - LOCAL DATA ELEMENT F, LDF (RLIN)
a 7
b cbc
c orignew
d 3
e ncip
f 19
g y-gencatlg
942 ## - ADDED ENTRY ELEMENTS (KOHA)
Source of classification or shelving scheme Dewey Decimal Classification
Koha item type BOOKS
Holdings
Withdrawn status Lost status Source of classification or shelving scheme Damaged status Not for loan Home library Current library Shelving location Date acquired Total Checkouts Full call number Barcode Date last seen Price effective from Koha item type
    Dewey Decimal Classification     Dodoma Dodoma Ground Floor 11/05/2026   320.273 DUV LIB003542 11/05/2026 11/05/2026 BOOKS

IRDP © 2021 :: Managed by ICT Team